<?xml version="1.0" encoding="UTF-8"?>
<record
    xmlns:xsi="http://www.w3.org/2001/XMLSchema-instance"
    xsi:schemaLocation="http://www.loc.gov/MARC21/slim http://www.loc.gov/standards/marcxml/schema/MARC21slim.xsd"
    xmlns="http://www.loc.gov/MARC21/slim">

  <leader>01338nam a22002777a 4500</leader>
  <controlfield tag="005">20090121151350.0</controlfield>
  <controlfield tag="008">090121t        xxu||||| |||| 00| 0 hin d</controlfield>
  <datafield tag="010" ind1=" " ind2=" ">
    <subfield code="a">HIN-93829</subfield>
  </datafield>
  <datafield tag="020" ind1=" " ind2=" ">
    <subfield code="c">200.00</subfield>
    <subfield code="a">9788176752794</subfield>
  </datafield>
  <datafield tag="035" ind1=" " ind2=" ">
    <subfield code="a">HN-66175</subfield>
  </datafield>
  <datafield tag="037" ind1=" " ind2=" ">
    <subfield code="b">DBAD /PUB</subfield>
  </datafield>
  <datafield tag="040" ind1=" " ind2=" ">
    <subfield code="a">DPL</subfield>
    <subfield code="b">HN</subfield>
  </datafield>
  <datafield tag="082" ind1=" " ind2=" ">
    <subfield code="a">372.011</subfield>
  </datafield>
  <datafield tag="100" ind1=" " ind2=" ">
    <subfield code="9">33818</subfield>
  </datafield>
  <datafield tag="245" ind1=" " ind2=" ">
    <subfield code="a">&#x936;&#x93F;&#x915;&#x94D;&#x937;&#x93E; &#x915;&#x947; &#x938;&#x902;&#x926;&#x930;&#x94D;&#x92D; &#x914;&#x930; &#x935;&#x93F;&#x915;&#x932;&#x94D;&#x92A; /</subfield>
    <subfield code="c">&#x930;&#x94B;&#x939;&#x93F;&#x924; &#x927;&#x928;&#x915;&#x930; &#x90F;&#x935;&#x902; &#x930;&#x93E;&#x91C;&#x93E;&#x930;&#x93E;&#x92E; &#x92D;&#x93E;&#x926;&#x942; &#x926;&#x94D;&#x935;&#x93E;&#x930;&#x93E; &#x938;&#x902;&#x92A;&#x93E;&#x926;&#x93F;&#x924;</subfield>
  </datafield>
  <datafield tag="246" ind1=" " ind2=" ">
    <subfield code="a">Shiksha ke Sandarbh aur Vikalap</subfield>
    <subfield code="b">Ed by Rohit Dhankar and Rajaram Bhadu</subfield>
  </datafield>
  <datafield tag="260" ind1=" " ind2=" ">
    <subfield code="a">&#x92A;&#x902;&#x91A;&#x915;&#x942;&#x932;&#x93E;</subfield>
    <subfield code="b">&#x906;&#x927;&#x93E;&#x930; &#x92A;&#x94D;&#x930;&#x915;&#x93E;&#x936;&#x928;</subfield>
    <subfield code="c">2011</subfield>
  </datafield>
  <datafield tag="270" ind1=" " ind2=" ">
    <subfield code="a">&#x90F;&#x938; &#x938;&#x940; &#x90F;&#x92B;, 267, &#x938;&#x947;&#x915;&#x94D;&#x91F;&#x930;-16</subfield>
    <subfield code="b">&#x92A;&#x902;&#x91A;&#x915;&#x942;&#x932;&#x93E; (&#x939;&#x930;&#x93F;&#x92F;&#x93E;&#x923;&#x93E;) </subfield>
    <subfield code="e">134113</subfield>
    <subfield code="m">aadhar_prakashan@yahoo.com</subfield>
  </datafield>
  <datafield tag="300" ind1=" " ind2=" ">
    <subfield code="a">136&#x92A;&#x943;.</subfield>
    <subfield code="c">22&#x938;&#x947;&#x92E;&#x940; (&#x938;&#x91C;&#x93F;&#x932;&#x94D;&#x926;)</subfield>
  </datafield>
  <datafield tag="650" ind1=" " ind2=" ">
    <subfield code="9">697</subfield>
  </datafield>
  <datafield tag="650" ind1=" " ind2=" ">
    <subfield code="9">33922</subfield>
  </datafield>
  <datafield tag="700" ind1=" " ind2=" ">
    <subfield code="9">33853</subfield>
    <subfield code="a">&#x927;&#x928;&#x915;&#x930;, &#x930;&#x94B;&#x939;&#x93F;&#x924; </subfield>
  </datafield>
  <datafield tag="700" ind1=" " ind2=" ">
    <subfield code="a">&#x92D;&#x93E;&#x926;&#x942; ,&#x930;&#x93E;&#x91C;&#x93E;&#x930;&#x93E;&#x92E; </subfield>
    <subfield code="9">34065</subfield>
  </datafield>
  <datafield tag="942" ind1=" " ind2=" ">
    <subfield code="2">ddc</subfield>
    <subfield code="c">HN</subfield>
    <subfield code="m">&#x936;&#x93F;&#x915;&#x94D;&#x937;&#x93E;&#x915;&#x947;</subfield>
    <subfield code="h">372.011</subfield>
  </datafield>
  <datafield tag="999" ind1=" " ind2=" ">
    <subfield code="c">56146</subfield>
    <subfield code="d">56146</subfield>
  </datafield>
  <datafield tag="952" ind1=" " ind2=" ">
    <subfield code="0">0</subfield>
    <subfield code="1">0</subfield>
    <subfield code="2">ddc</subfield>
    <subfield code="4">0</subfield>
    <subfield code="7">1</subfield>
    <subfield code="8">NFIC</subfield>
    <subfield code="a">DBAD</subfield>
    <subfield code="b">DBAD</subfield>
    <subfield code="d">2011-09-01</subfield>
    <subfield code="e">DBAD / PUB</subfield>
    <subfield code="g">200.00</subfield>
    <subfield code="l">0</subfield>
    <subfield code="o">372.011 &#x936;&#x93F;&#x915;&#x94D;&#x937;&#x93E;&#x915;&#x947;</subfield>
    <subfield code="p">HN-66175</subfield>
    <subfield code="r">2011-09-01 00:00:00</subfield>
    <subfield code="t">1</subfield>
    <subfield code="v">200.00</subfield>
    <subfield code="w">2011-09-01</subfield>
    <subfield code="y">HN</subfield>
  </datafield>
</record>
